01625cam a22003854i 4500003000900000005001700009008004100026020001800067035002700085040003300112082002100145245018800166264005500354300003800409336002100447337002500468338002300493504004500516505046000561526001001021526001001031526001001041526001001051526000801061526000801069526000801077526000801085526000801093526000801101526000801109541001801117650003301135700004101168700003001209PE-LiUPU20250731173346.0150706s2005 miu rb 000 0 eng d a9780802824165 a(Sirsi) i9780802824165 aPE-LiUPUbspacPE-LiUPUerda04a230.003bE3222104aThe encyclopedia of christianity :bVolume 4 P-Sh /ceditores, Erwin Fahlbusch . [et al.] ; traductory editor en inglés, Geoffrey W. Bromiley ; editor estatistico, David B. Barrett. 1aGrand Rapids, Michigan :bEerdmans ; Brill,c2005. a952 páginas ;c27 centímetros atext2rdacontent aunmediated2rdamedia avolume2rdacarrier aBibliografía al final de cada entrada.0 aAlphabetizatión -- Statistics -- Cross-references -- Bibliographies -- Consulting editors -- Abbreviations -- Biblical Books, with the Apocrypha -- Old Testamento Pseudepigrapha -- Early Church Writings, with Nag Hammadi Tractates -- Dead Sea Scrolls and Related Texts -- Classical Targums and Rabbinic Writings -- Other Ancient, medieval, and Early Modern Writings -- Modern Publications and Editions -- States and Provinces -- General -- Entries P-Sh. aSEG42 aSEG41 aSEG40 aSEG39 aP94 aP87 aP86 aP85 aP77 aP76 aP35 g800-253-7521;04aCristianismovEnciclopedias.1 aBromiley, Geoffrey William,eeditor.1 aFahlbusch, Erwin,editor.